|
|
|
|
| LEADER |
00000nam a22000007a 4500 |
| 005 |
20130307172454.0 |
| 007 |
cr|||| |||| |
| 008 |
130307e2012 it |||||s|||| 00||0 ita d |
| 020 |
|
|
|a 978-88-6611-161-0
|
| 035 |
|
|
|a 7356
|
| 040 |
|
|
|a vLex
|
| 090 |
|
|
|c 3851
|d 3851
|
| 100 |
1 |
0 |
|a Conti, Corte dei
|
| 245 |
1 |
0 |
|a Governo della Finanza Pubblica e Federalismo Fiscale
|c / Corte dei Conti
|h [Recurso electrn̤ico]
|
| 256 |
|
|
|a Servicio en ln̕ea
|
| 260 |
|
|
|a Bari :
|b Cacucci Editore,
|c 2012
|
| 300 |
|
|
|a 1 Recurso electrn̤ico
|
| 506 |
|
|
|d vLex Global
|d vLex Global (Academic Edition, excluding Law Schools)
|d vLex Global (U.S. Academic Edition, Law Schools)
|d vLex Global (U.S. Academic Edition, excluding Law Schools)
|d vLex Global (Academic Edition, Law Schools)
|
| 650 |
0 |
4 |
|a Hacienda pb︢lc̕a
|z Italia
|
| 740 |
|
|
|a vLex libros (Servicio en ln̕ea)
|
| 856 |
|
|
|a Acceso restringido
|u http://www.vlex.com/source/7356
|
| 942 |
|
|
|c BOOK
|
| 999 |
|
0 |
|a Budget
|